Φόβος και ελπίδα : μυθιστόρημα

Saved in:
Bibliographic Details
Main Author: Καββαδίας, Νίκος Α., 1938-2012
Format: Book
Language:Greek
Published: Αθήνα : Βιβλιοπωλείο της Εστίας, 1997.
Edition:4η εκδ.
Series:Σύγχρονη ελληνική πεζογραφία (Εστία) ; 23
Subjects:
Tags: Add Tag
No Tags, Be the first to tag this record!

MARC

LEADER 00000cam a2200000 i 4500
001 1/31211
008 960725s1997 gr | ||| |||| ||gre||
020 |a 9600502722 
035 |1 ΕΛΗ  |a 1997  |b 2607  |c ΒΙΒΛΙΟΘΗΚΗ  |l 10038768 
040 |a GR-MyUA  |b gre  |e AACR2 
041 0 |a gre 
082 0 |a 889.3 
100 1 |a Καββαδίας, Νίκος Α.,   |d 1938-2012. 
245 1 0 |a Φόβος και ελπίδα :   |b μυθιστόρημα /   |c Νίκος Καβαδίας.  
250 |a 4η εκδ.  
260 |a Αθήνα :   |b Βιβλιοπωλείο της Εστίας,   |c 1997.  
300 |a 197 σ. ;   |c 20 εκ.  
490 1 |a (Σύγχρονη Ελληνική πεζογραφία (Βιβλιοπωλείο της Εστίας)   |v ; 23)  
650 0 0 |a Greek fiction. 
830 0 |a Σύγχρονη ελληνική πεζογραφία (Εστία)  |v  ; 23 
852 |a INST  |b SAMOS  |e 19960725  |h 889.3 ΚΑΒ  |p 005300008338  |q 005300008338  |t BK  |y 0 
901 |a BIBL-1997-2 
909 |a Σ  |b 049890